[Event "Mumbai Wealth U13 op 5th"]
[Site "Mumbai"]
[Date "2020.01.04"]
[Round "6"]
[White "Bamboat, Hrrehan"]
[Black "Arjun, Nair"]
[Result "1-0"]
[WhiteElo "1469"]
[BlackElo "1237"]
[PlyCount "113"]
[EventDate "2019.12.30"]
[EventType "swiss"]
[EventRounds "9"]
[EventCountry "IND"]
[SourceTitle "CBM 194 Extra"]
[Source "ChessBase"]
[SourceDate "2020.03.31"]
[SourceVersion "1"]
[SourceVersionDate "2020.03.31"]
[SourceQuality "1"]

1. e4 e5 2. Nf3 Nc6 3. d4 exd4 4. Nxd4 Bc5 5. Nb3 Bb6 6. Qe2 d6 7. Nc3 Nf6 8. Be3 Be6 9. f3 Qe7 10. 0-0-0 Ne5 11. Qd2 0-0 12. h3 Bc4 13. f4 Bxf1 14. fxe5 dxe5 15. Rhxf1 Rad8 16. Qe2 Rxd1+ 17. Rxd1 Bxe3+ 18. Qxe3 b6 19. Nd5 Nxd5 20. Rxd5 c6 21. Rd1 Rd8 22. Rxd8+ Qxd8 23. Nd2 Qf6 24. Nf3 Qd6 25. Qd3 Qxd3 26. cxd3 f6 27. d4 exd4 28. Nxd4 c5 29. Nc6 a6 30. Ne7+ Kf7 31. Nd5 b5 32. Nc7 Ke7 33. Nxa6 Kd6 34. Kd2 Kc6 35. b4 cxb4 36. Nxb4+ Kc5 37. Kc3 g6 38. Nd3+ Kd6 39. Kb4 Kc6 40. g4 g5 41. e5 fxe5 42. Nxe5+ Kb6 43. Nf7 h6 44. Nxh6 Kc6 45. Nf7 Kb6 46. Nxg5 Ka6 47. Ne4 Kb6 48. g5 Ka6 49. g6 Kb6 50. g7 Ka6 51. g8R Kb6 52. Rg6+ Kb7 53. Kxb5 Ka7 54. Rg7+ Kb8 55. Nd6 Ka8 56. Kb6 Kb8 57. Rg8# 1-0

[Event "Mumbai Chess Capital op"]
[Site "Mumbai"]
[Date "2019.06.30"]
[Round "7"]
[White "Bhadricha, Shiv Chetan"]
[Black "Bamboat, Hrrehan"]
[Result "0-1"]
[WhiteElo "1053"]
[BlackElo "1332"]
[PlyCount "92"]
[EventDate "2019.06.29"]
[EventType "swiss"]
[EventRounds "7"]
[EventCountry "IND"]
[SourceTitle "CBM 191 Extra"]
[Source "ChessBase"]
[SourceDate "2019.09.30"]
[SourceVersion "1"]
[SourceVersionDate "2019.09.30"]
[SourceQuality "1"]

1. e4 e6 2. d4 d5 3. e5 c5 4. c3 Nc6 5. Nf3 Bd7 6. Be2 Nge7 7. Nbd2 Nf5 8. Nf1 cxd4 9. cxd4 Qb6 10. Ng3 Nfxd4 11. Nxd4 Qxd4 12. Qb3 Bb4+ 13. Kf1 Qxe5 14. a3 Bd6 15. Qxb7 Rb8 16. Qa6 Rb6 17. Qd3 Ne7 18. Rb1 Bb5 19. Qf3 Bxe2+ 20. Nxe2 Qf5 21. Qxf5 Nxf5 22. b4 Kd7 23. Bb2 f6 24. Nd4 Nxd4 25. Bxd4 Rb7 26. Ke2 e5 27. Be3 Rhb8 28. Rhd1 d4 29. Bd2 a5 30. Kd3 axb4 31. axb4 Bxb4 32. Bxb4 Rxb4 33. Rxb4 Rxb4 34. f4 Rb2 35. fxe5 fxe5 36. Ke4 Ke6 37. Rg1 Re2+ 38. Kd3 Re3+ 39. Kd2 Kd5 40. g4 Ke4 41. g5 Rf3 42. h4 Kf4 43. g6 h6 44. h5 e4 45. Kd1 Rf2 46. Re1 e3 0-1